| 000 | 01183cam a22003135a 4500 | ||
|---|---|---|---|
| 999 |
_c25988 _d25960 |
||
| 001 | 4961501 | ||
| 003 | EG-ScBUE | ||
| 005 | 20210103191941.0 | ||
| 008 | 970312s1996 ii a f 000 1 eng d | ||
| 020 | _a8175810386 | ||
| 040 |
_aDLC _beng _erda _cDLC _dDLC _dEG-ScBUE |
||
| 082 | 0 | 4 |
_a813.36 _bMEL _222 |
| 100 | 1 |
_aMcCaughrean, Geraldine, _eauthor. |
|
| 245 | 1 | 0 |
_aMoby-Dick or the white whale : _ba critical study / _cHerman Melville ; Ramji Lall, M.A. formerly principal, Dyal Singh College, University of Delhi, New Delhi. |
| 250 | _aFifth edition. | ||
| 264 | 1 |
_aNew Delhi : _bRama Brothers Educational Publishers, _c1996. |
|
| 300 |
_aviii, 362 pages ; _c24 cm |
||
| 336 |
_2rdacontent _atext _btxt |
||
| 337 |
_2rdamedia _aunmediated _bn |
||
| 338 |
_2rdacarrier _avolume _bnc |
||
| 520 | _aA young seaman joins the crew of the whaling ship Pequod, led by the fanatical Captain Ahab in pursuit of the white whale Moby Dick. | ||
| 650 | 7 |
_aWhaling _xFiction. _2BUEsh |
|
| 650 | 7 |
_aWhales _xFiction. _2BUEsh _940153 |
|
| 650 | 7 |
_aSea stories. _2BUEsh |
|
| 653 |
_bHHUUEENN _cJanuary2018 |
||
| 655 |
_vReading book _934232 |
||
| 700 | 1 |
_aLall, Ramji, _eauthor. |
|
| 942 |
_2ddc _cBB |
||